000 00566cam a22002291 4500
001 sa 68003842
003 DLC
005 20260227112456.0
008 900212s1967 ii 000 0 hino
010 _asa 68003842
035 _a(OCoLC)21052409
040 _aDLC
_cWaU
_dDLC
042 _apremarc
043 _aa-ii---
050 0 0 _aPK2040
_b.H34
100 0 _aHar Gulal,
_d1935-
245 1 0 _aSāhitya: viśleshaṇa aura parakha.
260 _c1967.
300 _a168 p.
_c23 cm.
500 _aIn Hindi.
650 0 _aHindi poetry
_xHistory and criticism.
999 _c79783
_d79783